| 000 | 00397nam a22001217a 4500 | ||
|---|---|---|---|
| 040 | _cHS | ||
| 082 | _a554 | ||
| 100 | _aIAN G. BAIRD | ||
| 245 | _aThe Kavet and the Kreung : observations of livelihoods and natural resources in two highlander villages in the districts of Veun Say and Ta Veng, Ratanakhiri Province, Cambodia | ||
| 260 |
_aCambodia _bIAN G. BAIRD _cNA |
||
| 300 | _a88p; | ||
| 942 | _cEK | ||
| 999 |
_c9649 _d9649 |
||